|
|
|
|
| LEADER |
01036nam a2200253 a 4500 |
| 001 |
11767965 |
| 008 |
100309s1999 maua b 001 0 eng d |
| 010 |
|
|
|a \\\99041773
|
| 020 |
|
|
|a 0890063427 (alk. paper)
|
| 040 |
|
|
|a DLC
|c DLC
|d DLC
|d BD-DhAAL
|
| 082 |
0 |
0 |
|a 006.7
|2 21
|
| 100 |
1 |
|
|a Lu, Guojun,
|d 1963-
|
| 245 |
1 |
0 |
|a Multimedia database management systems /
|c Guojin Lu.
|
| 260 |
|
|
|a Boston, MA :
|b Artech House,
|c 1999.
|
| 300 |
|
|
|a xx, 376 p. :
|b ill. ;
|c 24 cm.
|
| 500 |
|
|
|a Artech House computing library
|
| 504 |
|
|
|a Includes bibliographical references and index
|
| 541 |
1 |
|
|e 00019865
|
| 650 |
|
0 |
|a Multimedia systems.
|
| 650 |
|
0 |
|a Database management.
|
| 852 |
4 |
|
|a Ayesha Abed Library
|j General Shelf
|
| 999 |
|
|
|c 7739
|d 7739
|
| 952 |
|
|
|0 0
|1 0
|2 ddc
|4 0
|6 006_700000000000000_LUG_1999
|7 0
|9 8522
|a BRACUL
|b BRACUL
|c GEN
|d 2010-03-09
|l 0
|o 006.7 LUG
|p 3010019865
|r 2010-03-09
|t 1
|w 2010-03-09
|y BK
|
| 952 |
|
|
|0 0
|1 0
|2 ddc
|4 0
|6 006_700000000000000_LUG_1999
|7 0
|9 8523
|a BRACUL
|b BRACUL
|c GEN
|d 2010-03-09
|l 0
|o 006.7 LUG
|p 3010019866
|r 2010-03-09
|t 2
|w 2010-03-09
|y BK
|